Zdokonaľovanie procesov zásobovania a skladovania prostredníctvom tzv. alternatívnej logistiky diplomová práca

Na minha lista:
Detalhes bibliográficos
Autor principal: Cvik, Marek
Autor Corporativo: Fakulta podnikového manažmentu EU. Katedra manažmentu výroby a logistiky - zrušená
Outros Autores: Dupaľ, Andrej
Formato: Livro
Idioma:eslovaco
Publicado em: Bratislava 2011
Tags: Adicionar Tag
Sem tags, seja o primeiro a adicionar uma tag!

MARC

LEADER 00000nbm a2200000 4500
001 0131303
005 20161109101656.1
041 0 |a slo 
044 |a SK 
245 1 0 |a Zdokonaľovanie procesov zásobovania a skladovania prostredníctvom tzv. alternatívnej logistiky  |b diplomová práca  |c Marek Cvik ; školiteľ: Andrej Dupaľ 
264 1 |a Bratislava  |c 2011 
300 |a 79 s. 
100 1 |a Cvik, Marek 
700 1 |a Dupaľ, Andrej 
710 2 |a Fakulta podnikového manažmentu EU. Katedra manažmentu výroby a logistiky - zrušená